00592nam a2200157Ia 4500999001300000020001800013082001700031245003000048260006000078300001600138650003200154650006900186710005400255942000700309952011800316 c849d849 a92-5-102488-x a307.72 UNI-; 0aDynamics of rural poverty aUnited NationsbFood and Agriculture Organizationc1986 aviii, 232p. aRural community development aRural poor - Methodology - Rural conditions - Rural development  aUnited Nations. Food and Agriculture Organization cBK 00104070aNASSDOCbNASSDOCd2004-06-08i2004-10-22l0o307.72 UNI-;p26329r2019-04-18 00:00:00w2019-04-18yBK